Annual Report 2008 (Record no. 296589)
[ view plain ]
| 000 -LEADER | |
|---|---|
| fixed length control field | 00228 a2200109 4500 |
| 001 - CONTROL NUMBER | |
| control field | 61516 |
| 082 ## - DEWEY DECIMAL CLASSIFICATION NUMBER | |
| Classification number | 352.88 OMB |
| 090 ## - LOCALLY ASSIGNED LC-TYPE CALL NUMBER (OCLC); LOCAL CALL NUMBER (RLIN) | |
| -- | 37062 |
| -- | 37062 |
| 245 ## - TITLE STATEMENT | |
| Title | Annual Report 2008 |
| Medium | English |
| 260 ## - PUBLICATION, DISTRIBUTION, ETC. | |
| Name of publisher, distributor, etc. | Ombudsman |
| 300 ## - PHYSICAL DESCRIPTION | |
| Extent | 210p |
| 942 ## - ADDED ENTRY ELEMENTS (KOHA) | |
| Institution code [OBSOLETE] | CAE NUST |
| Call number prefix | 352.88 OMB |
| Withdrawn status | Lost status | Damaged status | Not for loan | Collection code | Permanent Location | Current Location | Date acquired | Total Checkouts | Full call number | Barcode | Date last seen | Price effective from | Koha item type |
|---|---|---|---|---|---|---|---|---|---|---|---|---|---|
| College of Aeronautical Engineering (CAE) | College of Aeronautical Engineering (CAE) | 04/03/2017 | 352.88 OMB | CAEG-6182 | 04/05/2017 | 04/05/2017 | Book |
